| 000 | 00567nam a2200193Ia 4500 | ||
|---|---|---|---|
| 999 |
_c31837 _d31837 |
||
| 003 | OSt | ||
| 005 | 20200730144248.0 | ||
| 008 | 190216s9999||||xx |||||||||||||| ||und|| | ||
| 020 | _a9788120325234 | ||
| 040 | _coclc | ||
| 082 |
_a515.35 _bAHS/D |
||
| 100 |
_aAhsan, Zafar _93886 |
||
| 245 | 0 |
_aDifferential Equations And Their Applications / _cZafar Ahsan |
|
| 250 | _a2nd Ed. | ||
| 260 |
_bPrentice Hall Of India Pvt Ltd, _c2004. _aNew Delhi: |
||
| 300 | _a514p | ||
| 650 | _aMathematics | ||
| 942 |
_cBK _2ddc _h515.35 _iAHS/D _k515.35 _mAHS/D |
||